| 000 | 01711cam a2200409 i 4500 | ||
|---|---|---|---|
| 001 | EDZ0000174445 | ||
| 003 | StDuBDS | ||
| 005 | 20161031105230.0 | ||
| 006 | m||||||||d|||||||| | ||
| 007 | cr ||||||||||| | ||
| 008 | 131121s2012 caua fo| 001|0|eng|d | ||
| 020 |
_a9788132114024 (ebook) : _cNo price |
||
| 040 |
_aStDuBDS _beng _cStDuBDS _erda _epn |
||
| 049 | _aAlfaisal Main Library | ||
| 050 | 0 |
_aHG5702 _b.C38 2012 |
|
| 082 | 0 | 4 |
_a332.0415095 _223 |
| 245 | 0 | 0 |
_aCapital market reform in Asia : _btowards developed and integrated markets in times of change / _cedited by Masahiro Kawai, Andrew Sheng. |
| 264 | 1 |
_aLos Angeles, California : _bSAGE, _c2012. |
|
| 300 |
_a1 online resource (xxvii, 359 pages) : _billustrations (black and white) |
||
| 336 |
_atext _2rdacontent |
||
| 336 |
_astill image _2rdacontent |
||
| 337 |
_acomputer _2rdamedia |
||
| 338 |
_aonline resource _2rdacarrier |
||
| 504 | _aIncludes bibliographical references and index. | ||
| 520 | 8 | _a'Capital Market Refom in Asia' contains a selection of papers that capture the essence of capital market reform in the Asian region, including important lessons from the global financial crisis of 2007-2009. | |
| 521 | _aSpecialized. | ||
| 588 | _aDescription based on print version record. | ||
| 650 | 0 |
_aCapital market _zAsia. |
|
| 650 | 0 |
_aFinance _zAsia. |
|
| 655 | 7 |
_aElectronic books. _2local |
|
| 700 | 1 |
_aKawai, Masahiro, _d1947- _eeditor of compilation. |
|
| 700 | 1 |
_aSheng, Andrew, _eeditor of compilation. |
|
| 710 | 2 | _aSage eBooks | |
| 776 | 0 | 8 |
_iPrint version : _z9788132107545 |
| 856 | 4 | 0 | _uhttp://ezproxy.alfaisal.edu/login?url=http://sk.sagepub.com/books/capital-market-reform-in-asia |
| 942 |
_2lcc _cEBOOKS |
||
| 999 |
_c482269 _d482269 |
||